Mixed Methods Perspectives on Communication and Social Media Research

שמור ב:
מידע ביבליוגרפי
מחבר ראשי: Segumpan
פורמט: ספר
יצא לאור: Routledge
תגים: הוספת תג
אין תגיות, היה/י הראשונ/ה לתייג את הרשומה!

MARC

LEADER 00000nam a2200000Ia 4500
005 20260513122049.0
020 |a 9781032209128 
100 |a Segumpan 
365 |c £ 
365 |b 28.00 
942 |c BK 
245 |a Mixed Methods Perspectives on Communication and Social Media Research 
260 |b Routledge 
999 |c 10  |d 10 
952 |0 0  |1 0  |4 0  |7 0  |a UNSW  |b UNSW  |d 2026-05-06  |g 51.99  |i 16687  |l 0  |p 000103  |r 2026-05-13 12:20:49  |v 51.99  |w 2026-05-13  |y BK